<?xml version="1.0" encoding="UTF-8"?>
<record
    xmlns:xsi="http://www.w3.org/2001/XMLSchema-instance"
    xsi:schemaLocation="http://www.loc.gov/MARC21/slim http://www.loc.gov/standards/marcxml/schema/MARC21slim.xsd"
    xmlns="http://www.loc.gov/MARC21/slim">

  <leader>01465    a2200169   4500</leader>
  <controlfield tag="003">Nust</controlfield>
  <controlfield tag="005">20221031125612.0</controlfield>
  <datafield tag="020" ind1=" " ind2=" ">
    <subfield code="a">1556759088</subfield>
  </datafield>
  <datafield tag="040" ind1=" " ind2=" ">
    <subfield code="c">Nust</subfield>
  </datafield>
  <datafield tag="082" ind1=" " ind2=" ">
    <subfield code="a">510,GLO</subfield>
  </datafield>
  <datafield tag="245" ind1=" " ind2=" ">
    <subfield code="a">MatheMatics Workshop, </subfield>
    <subfield code="b">Basic Skills 1 / </subfield>
    <subfield code="c">Teacher;s Edition</subfield>
  </datafield>
  <datafield tag="260" ind1=" " ind2=" ">
    <subfield code="a">New Jersy</subfield>
    <subfield code="b">Global Book</subfield>
    <subfield code="c">1989</subfield>
  </datafield>
  <datafield tag="300" ind1=" " ind2=" ">
    <subfield code="a">110:P</subfield>
  </datafield>
  <datafield tag="505" ind1=" " ind2=" ">
    <subfield code="a">Reading and writing whole numbers (Page-1), Reading and writing decimal(Page-3), Comparing and ordering whole numbers (Page-5), Comparing and ordering decimal (Page-7), Rounding whole numbers (Page-9), Rounding decimals (Page-11), Adding whole numbers and decimals (Page-13), Subtracting whole numbers and decimals(Page 15)Multiplying whole numbers and decimals with zeros (Page-17), Multiplying by powers and multiples of 10 (Page-19), Multiplying by a 1 digit numbers (Page-21), Multiplying by 2 and three digit multiplyers (
Page-23), Multiplying decimals by decimals (Page-29), Dividing by 1 digit divisors (Page-31), Dividing by powers and multiples by 10 (Page-33), Order of operations (Page-39), Measuring length with metric units (Page-51), Measuring capacity (Page-55), Multiplying fractions (Page-67), Adding fractions with unlike denominators (Page-81), Subtracting mixed numbers (Page-89), Customary units of weight (Page-95), Measuring time (Page-101), Reading double bar graphs (Page-105), Constructing and using pictographs (Page-109).</subfield>
  </datafield>
  <datafield tag="650" ind1=" " ind2=" ">
    <subfield code="a">MatheMatics Workshop</subfield>
    <subfield code="9">101972</subfield>
  </datafield>
  <datafield tag="942" ind1=" " ind2=" ">
    <subfield code="2">ddc</subfield>
    <subfield code="c">BK</subfield>
    <subfield code="k">510,GLO</subfield>
  </datafield>
  <datafield tag="999" ind1=" " ind2=" ">
    <subfield code="c">179756</subfield>
    <subfield code="d">179756</subfield>
  </datafield>
  <datafield tag="952" ind1=" " ind2=" ">
    <subfield code="0">0</subfield>
    <subfield code="1">0</subfield>
    <subfield code="2">ddc</subfield>
    <subfield code="4">0</subfield>
    <subfield code="7">0</subfield>
    <subfield code="a">MCS</subfield>
    <subfield code="b">MCS</subfield>
    <subfield code="c">GEN</subfield>
    <subfield code="d">2016-12-12</subfield>
    <subfield code="o">510,GLO</subfield>
    <subfield code="p">MCS27213</subfield>
    <subfield code="r">2016-12-08</subfield>
    <subfield code="w">2016-12-12</subfield>
    <subfield code="y">BKB </subfield>
    <subfield code="z">Almirah No. A/135, Shelf No.5</subfield>
  </datafield>
</record>
